[Event "Modbury Championship"]
[Site "Modbury"]
[Date "1997.??.??"]
[Round "?"]
[White "Van der Schoot, Peter"]
[Black "Gray, Graham"]
[Result "0-1"]
[WhiteElo "1443"]
[BlackElo "1536"]
[Annotator "Fritz 5.32"]
[PlyCount "94"]
[EventDate "1997.??.??"]
[EventType "tourn"]
[EventRounds "11"]
[EventCountry "AUS"]

1. e4 c6 {
Opening = B13 - Caro-Kann-Abtausch Var 4.c4 /Caro-Kann-Exchange Var 4.c4} 2. d4
d5 3. exd5 cxd5 4. c4 Nf6 5. Nc3 Nc6 6. Nf3 Bf5 $14 (6... a6 7. Ne5 (7. cxd5
Nxd5 8. Bd3 Bg4 9. O-O e6 10. Be4 Be7 11. Qd3 Rc8 12. Re1 Ncb4 13. Qd2 Nxc3 14.
bxc3 Bxf3 15. Bxf3 Nd5 16. Bb2 O-O 17. Qd3 b5 18. a4 Bf6 19. axb5 axb5 20. Be4
{1/2-1/2 Nunn,J-Speelman,J/BL9697 Solingen-Duisburg 1996/BL9697 (20)}) (7. Bg5
Ne4 8. cxd5 Nxc3 9. bxc3 Qxd5 10. Qb3 Qe4+ 11. Be3 e6 12. Be2 Be7 13. O-O O-O
14. c4 b5 15. cxb5 axb5 16. Bxb5 Ra3 17. Qb1 Qxb1 18. Rfxb1 Nb4 19. Bc1 Ra7 20.
a4 Ba6 21. Ba3 Bxb5 {Donev,I-Casagrande,H/AUT-chT 1996/CBM 50/[Donev]/1-0 (51)}
) 7... e6 8. Nxc6 bxc6 9. c5 e5 10. dxe5 Nd7 11. f4 Bxc5 12. Bd3 O-O 13. Qc2 g6
14. Bd2 Re8 15. O-O-O Bf8 16. e6 fxe6 17. h4 e5 18. h5 e4 19. Nxe4 dxe4 20.
Bc4+ Kg7 21. h6+ Kf6 22. Bc3+ Kf5 23. g4+ Kxg4 24. Qg2+ {
1-0 Wach,M-Casagrande,H/AUT-chT 1994/TD 94\03 (24)}) (6... h6 7. Ne5 e6 8. cxd5
Nxd5 9. Nxc6 bxc6 10. Bc4 Bd6 11. O-O O-O 12. Re1 Nxc3 13. bxc3 c5 14. Qe2 Qc7
15. h3 cxd4 16. cxd4 Bb7 17. Be3 Qc6 18. d5 exd5 19. Bb5 Qc3 20. Qg4 Qf6 21.
Bd4 {Schumi,M-Casagrande,H/AUT-chT 1996/EXP 52/0-1 (36)}) (6... Bg4 7. Be3 $11)
7. cxd5 $11 (7. Bg5 Ne4 $14) 7... Nxd5 8. Bb5 Ndb4 $14 (8... e6 9. O-O $11) 9.
O-O $11 (9. d5 a6 10. Nd4 axb5 11. Nxf5 Qd7 $14) 9... a6 10. Ba4 Bg4 $16 (10...
e6 $142 $5 $11 {is noteworthy}) 11. a3 $14 (11. d5 b5 12. dxc6 bxa4 13. Qxa4
Bxf3 14. c7+ (14. Qxb4 $6 Bxc6 15. Rd1 Qc8 $11) 14... Qd7 15. Qxb4 $18 (15.
gxf3 $6 Qxa4 16. Nxa4 Rc8 $16)) 11... Nd5 {
The knight is not easily driven from d5} 12. Qd3 $11 (12. Qb3 $142 $5 {
must definitely be considered} Nxc3 13. Ne5 (13. bxc3 $143 b5 $17) 13... Ne2+
14. Kh1 $16) 12... b5 13. Nxd5 Qxd5 14. Bb3 Qf5 15. Qxf5 {
Traps the king in the center} Bxf5 16. d5 $11 (16. Bd2 $5 $14) 16... Na5 17.
Ba2 {White gets the initiative} g6 (17... Nc4 18. Re1 $11) 18. d6 Bg7 $14 (
18... e6 19. Bf4 Rd8 20. Rad1 $11) 19. dxe7 Ra7 20. Be3 Rxe7 21. Bc5 Bxb2 22.
Bxe7 {White traps the enemy king in the center} Bxa1 $2 $18 (22... Kxe7 $142 {
and Black could well hope to play on} 23. Rae1+ Kf6 $11) 23. Bb4 Bb2 24. Re1+
Be6 25. Bxa5 Kd7 26. Bxe6+ fxe6 27. Bb4 Rc8 28. Ne5+ Ke8 (28... Bxe5 29. Rxe5
Rc1+ 30. Re1 Rxe1+ 31. Bxe1 h6 $18) 29. Nd3 Bxa3 (29... a5 {
does not improve anything} 30. Bxa5 (30. Rxe6+ $143 Kd7 31. Rd6+ Kc7 $18) 30...
Bxa3 31. Rxe6+ Kf7 32. Rb6 $18) 30. Bxa3 Rc3 31. Rxe6+ Kf7 (31... Kd8 {
a fruitless try to alter the course of the game} 32. Rd6+ Kc7 33. Bb2 $18) 32.
Re7+ Kg8 33. Re8+ (33. Rg7+ {and White can already relax} Kxg7 34. Bb2 Kf7 35.
Bxc3 Ke6 $18) 33... Kf7 34. Rf8+ Ke6 35. Nf4+ (35. Rf3 $142 $5 {
seems even better} Rc7 36. Nc5+ Kd5 37. Nxa6 Ra7 $18) 35... Kd7 36. Rf7+ Kc6 (
36... Kc8 37. Rxh7 Rxa3 38. Kf1 $18) 37. Rf6+ Kb7 38. Rf7+ $11 (38. Bb2 $142 {
finishes off the opponent} Rb3 39. Bc1 $18) 38... Kc6 39. Rf6+ $11 (39. Rc7+
$142 $1 {and White wins} Kxc7 40. Nd5+ Kc6 41. Nxc3 $18) 39... Kb7 40. g3 (40.
Bb2 $142 {and White has it in the bag} Rb3 41. Bc1 $18) 40... Rxa3 {
Black terminates the opponent with strong threats} 41. Rf7+ Kb6 (41... Kc6 42.
h4 $18) 42. Rxh7 b4 43. Rd7 $16 (43. Nxg6 $5 b3 44. Ne5 Ra2 $18) 43... b3 44.
Rd1 $4 $11 {a transit from better to worse} (44. Rd8 $142 Ka7 45. Rd2 $16 (45.
Nxg6 $4 {the pawn is indigestible} b2 46. Rd1 Ra1 47. Rxa1 bxa1=Q+ 48. Kg2 Kb6
$19)) 44... b2 45. Nd5+ (45. Nxg6 $4 {the pawn contains a lethal dose of poison
} Ra1 46. Rxa1 bxa1=Q+ 47. Kg2 Kc5 $19) 45... Kc5 46. Rb1 $4 {
the final mistake, not that it matters anymore} (46. Nf4 Kc6 47. Kg2 $19 (47.
Nxg6 $4 {the pawn of course cannot be captured} Ra1 48. Ne5+ Kc7 $19)) 46...
Ra1 $1 {doomsday} (46... Kxd5 {succumbs to} 47. Rxb2 a5 48. Rb6 $14) 47. Nc3
Kc4 (47... Kc4 48. Kg2 Kxc3 49. Rxb2 Kxb2 $19) 0-1

[Event "Modbury Championship"]
[Site "Modbury"]
[Date "1997.??.??"]
[Round "?"]
[White "Maaz, John"]
[Black "Giermann, Arno"]
[Result "0-1"]
[WhiteElo "1214"]
[BlackElo "1556"]
[Annotator "Fritz 5.32"]
[PlyCount "90"]
[EventDate "1997.??.??"]
[EventType "tourn"]
[EventRounds "11"]
[EventCountry "AUS"]

1. d4 d5 {
Opening = D32 - Damengambit-Tarrasch Verteid /Queen's Gambit-Tarrasch Defence}
2. c4 e6 3. Nf3 c5 4. e3 Nc6 5. Nc3 Nf6 6. cxd5 exd5 7. Bd3 (7. h3 Bf5 8. Bb5
Bd6 9. dxc5 Bxc5 10. Nd4 Bd7 11. Nxc6 bxc6 12. Bd3 O-O 13. O-O Re8 14. Qf3 Qe7
15. Bf5 Bd6 16. Bxd7 Nxd7 17. Bd2 Qe5 18. g3 Qe6 19. Kg2 Ne5 20. Qe2 Qg6 21. b3
h5 {Apol,L-Jonasson,B/Reykjavik op 1988/TD 88\05/1-0 (40)}) 7... Bd6 $146 (7...
Bg4 8. O-O cxd4 9. exd4 Nxd4 10. Qe1+ Ne6 11. Ne5 a6 12. Bg5 Bh5 13. Rc1 Be7
14. Bh4 Qd6 15. Bg3 Qb4 16. Rb1 O-O 17. Bf5 Rad8 18. Nd3 Qb6 19. Qd2 Nd4 20.
Qe3 Rfe8 21. Na4 Qa7 22. Be5 {
Djafarova,E-Martinkova,M/EU-chJW U12 Szombathely 1993/TD 93\05/0-1 (44)}) (7...
Be7 8. a3 a6 9. h3 O-O 10. O-O Be6 11. Bd2 Nd7 12. Rc1 c4 13. Bb1 f5 14. Ne2
Kh8 15. Bc3 Bd6 16. Nf4 Bg8 17. h4 Bxf4 18. exf4 Rf6 19. g3 b5 20. Re1 Nb6 21.
Bc2 Nc8 22. Re3 {Husain,M-Chia Chee Seng/Luzern olm 1982/BIG 80/1/2-1/2 (80)})
8. e4 $15 (8. dxc5 $5 Bxc5 9. O-O $11) 8... cxd4 9. Nxd5 {Menacing.} (9. Nxd4
Nxd4 10. Qa4+ Nc6 11. exd5 Nxd5 12. Nxd5 Be6 $15) 9... Nxd5 10. exd5 Qa5+ 11.
Bd2 Qxd5 12. Qe2+ Qe6 13. O-O $17 (13. Be4 Bd7 $15) 13... Qxe2 14. Bxe2 Bg4 $15
(14... O-O $5 $17) 15. Rfe1 $17 (15. Nxd4 Bxe2 16. Nxe2 Kd7 $11) 15... O-O 16.
h3 Bh5 17. a3 {Prevents intrusion on b4} a6 18. Rac1 Bg6 19. Bc4 Rfe8 $11 (
19... Rfd8 $5 $17) 20. Red1 $17 (20. Rxe8+ $142 $5 {is an interesting idea}
Rxe8 21. Bxa6 $11) 20... Rad8 $11 (20... Rac8 $142 $5 $17) 21. Bg5 $15 {
Attacking the isolated pawn on d4} (21. Bxa6 bxa6 22. Rxc6 Be4 23. Rxa6 Bxf3
24. gxf3 d3 $16) 21... Be7 {Black prepares the advance d3} 22. Re1 (22. Bxe7 $5
Rxe7 23. Bxa6 $15) 22... Bxg5 {Black gets strong initiative} 23. Rxe8+ Rxe8 24.
Nxg5 d3 25. Rd1 Rd8 26. Nf3 b5 27. Ba2 Bh5 28. g4 Bg6 29. h4 h5 30. g5 Nd4 $17
(30... Kf8 $5 $19) 31. Ne5 Kf8 32. Nxg6+ fxg6 33. Kg2 $17 (33. Bb1 Nf3+ 34. Kf1
Nxh4 35. Rxd3 Rxd3 36. Bxd3 Nf3 $17) 33... Ne2 $15 (33... Nf5 $5 $17) 34. Rd2
$17 (34. Kf3 $5 $15) 34... Rd4 35. Kf3 Nc1 36. Bb1 Rxh4 37. Bxd3 Nxd3 {
Black begins to deal mighty blows} 38. Rxd3 Rh3+ 39. Ke2 Rxd3 40. Kxd3 Ke7 41.
Ke3 Ke6 42. f4 $4 {shortens the misery for White} (42. Ke4 $142 $19) 42... Kd5
43. b3 a5 44. f5 gxf5 45. Kf4 g6 (45... g6 46. Ke3 Kc5 $19) 0-1

[Event "Modbury Championship"]
[Site "Modbury"]
[Date "1997.??.??"]
[Round "?"]
[White "Porlaje, Benjamin"]
[Black "Kramer, Warren"]
[Result "1-0"]
[WhiteElo "1270"]
[BlackElo "1279"]
[Annotator "Fritz 5.32"]
[PlyCount "103"]
[EventDate "1997.??.??"]
[EventType "tourn"]
[EventRounds "11"]
[EventCountry "AUS"]

1. Nf3 d5 {Opening = D24 - Angenommenes Damengambit /Queen's Gambit Accepted}
2. d4 Nf6 3. c4 dxc4 4. Nc3 e6 5. a4 (5. e3 Nc6 6. Bxc4 Bd7 7. Bd2 Bb4 8. O-O
O-O 9. a3 Bxc3 10. Bxc3 Ne4 11. Bd3 Nxc3 12. bxc3 Qe7 13. Qc2 f5 14. Rfb1 Rab8
15. Qa4 a6 16. Rb2 Ne5 17. Qd1 Nxf3+ 18. Qxf3 Bc6 19. Qe2 Qg5 {
Koester,S-Schulz,S/Lingen 1995/0-1 (50)}) 5... Bb4 $146 (5... c5 6. e3 Nc6 7.
Bxc4 cxd4 8. exd4 Be7 9. O-O Nb4 10. Bb5+ Bd7 11. Bxd7+ Qxd7 12. Ne5 Qd8 13.
Be3 Nbd5 14. Qd3 O-O 15. Rac1 Qa5 16. Nc4 Qd8 17. Rfe1 Rc8 18. Ne5 a6 19. Bg5
Qa5 20. Nxd5 {Cawdery,D-Pizzato,C/WchJM-U12 Duisburg 1992/TD 92\06/0-1 (32)})
6. Ne5 $4 $19 (6. e3 $142 $15 {was much better}) 6... c5 $4 $15 {
Black is ruining his position} (6... Ne4 $142 $1 {
would have made live much easier for Black} 7. Ra3 Bxa3 8. Nxe4 Bb4+ 9. Nc3 Nc6
$19) 7. e3 Nbd7 8. Nxc4 cxd4 9. exd4 O-O 10. Be2 Nb6 11. O-O Nxc4 12. Bxc4 Qc7
13. Qb3 Bxc3 14. bxc3 Ng4 $14 (14... b6 15. Bg5 $11) 15. g3 Qa5 16. f3 Nf6 17.
Ba3 Re8 18. Bb4 Qc7 19. Rae1 Bd7 20. Re5 $17 (20. a5 $142 $5 $11 {
must be considered}) 20... b6 $11 (20... Bxa4 $142 $5 21. Qa2 Qd7 $17) 21. Bd3
Bc6 22. Qa3 $15 (22. a5 $5 $11) 22... Qb7 $11 (22... a5 $5 23. Bd6 Qd7 $15) 23.
Bb5 $15 (23. a5 $5 $11) 23... Bxb5 24. axb5 ({Instead of} 24. Rxb5 Nd5 $17)
24... Nd5 $11 (24... a5 25. bxa6 Rxa6 26. Qb3 $15) 25. Qb3 Rac8 {
Attacking the backward pawn on c3} 26. c4 Nf6 27. Qd3 {White prepares c5} Nd7
28. Rh5 {Do you see the mate threat?} Nf6 29. Rh3 Qc7 30. c5 {White gains space
} bxc5 31. Bxc5 $15 {A classical outpost.} (31. dxc5 Rb8 $11) 31... h6 $11 (
31... Qd7 32. Rd1 $17) 32. f4 $17 (32. Ra1 $5 {should be examined more closely}
Ra8 33. Qe2 $11) 32... Red8 $15 (32... Qd7 33. Rd1 $17) 33. Rc1 $17 (33. Qe2
Nd5 $15) 33... Qb7 34. Rh4 Ne4 35. Qe3 (35. Rh5 Nxc5 36. Rhxc5 Rxc5 37. Rxc5
Qb6 $15) 35... Nxc5 36. dxc5 Qxb5 37. Rh5 Qd3 {The mate threat is Qxe3} 38.
Qxd3 Rxd3 39. Re5 Rd5 $11 (39... a5 $142 $5 $17) 40. Rxd5 exd5 41. Kf2 f6 42.
Ke3 Kf7 43. Kd4 Rd8 $16 (43... a5 $5 $14) 44. c6 {White gets deadly initiative}
Ke6 45. Kc5 {White activates its king} d4 (45... a5 46. Re1+ Kf5 47. c7 $18)
46. Re1+ Kf7 $18 (46... Kf5 47. c7 Rc8 48. Kc6 $16) 47. c7 {
Threatening mate: cxd8Q} Rc8 (47... Rf8 48. Rd1 (48. Kxd4 {is much worse} Rc8
$15) 48... Ke7 49. Rxd4 $18 (49. Kxd4 $143 Rc8 $15)) 48. Kc6 d3 49. Kd7 d2 50.
Rd1 Re8 51. c8=Q (51. Rxd2 $5 {makes it even easier for White} g5 52. f5 a5 $18
) 51... Re7+ (51... Rxc8 {desperation} 52. Kxc8 Ke6 $18) 52. Kd6 (52. Kd6 Re1
53. Rxd2 $18) 1-0

[Event "Modbury Championship"]
[Site "Modbury"]
[Date "1997.??.??"]
[Round "?"]
[White "Wellnitz, Gerhard"]
[Black "Vuglar, Shanon"]
[Result "0-1"]
[WhiteElo "1069"]
[BlackElo "1101"]
[Annotator "Fritz 5.32"]
[PlyCount "82"]
[EventDate "1997.??.??"]
[EventType "tourn"]
[EventRounds "11"]
[EventCountry "AUS"]

1. d4 d5 {Opening = D04 - Damenbauernspiele /Queen Pawn's Opening} 2. Nf3 Nf6
3. e3 Nbd7 4. Bd3 e6 5. Nbd2 c5 6. c3 (6. b3 b6 7. O-O Bb7 8. Ne5 Nxe5 9. dxe5
Nd7 10. Bb2 g6 11. f4 Bg7 12. Qg4 Qe7 13. c4 f6 14. Nf3 O-O-O 15. a4 a5 16.
cxd5 Bxd5 17. Bc4 Kb7 18. Rad1 Nb8 19. Qh4 Rhf8 20. Qxh7 Nc6 {
Kovacevic,V-De Firmian,N/Thessaloniki olm 1988/TD 88\06/1/2-1/2 (52)}) (6. O-O
c4 7. Be2 b5 8. c3 Bb7 9. b3 Be7 10. a4 a6 11. Qc2 O-O 12. Ba3 Bc6 13. Bxe7
Qxe7 14. axb5 axb5 15. Qb2 Rfb8 16. Rxa8 Rxa8 17. Ra1 Qd8 18. Ne1 Rxa1 19. Qxa1
Qa8 20. Qxa8+ Bxa8 21. Nc2 Ne8 22. Kf1 Kf8 {
1/2-1/2 Muse,M-Farago,I/Vinkovci 1993/EXP 38 (22)}) 6... c4 $146 {
Black gets more space} (6... b6 7. Ne5 (7. O-O Bb7 8. Ne5 Bd6 9. f4 Qe7 10. Qf3
O-O-O 11. a4 Bc7 12. b3 Nb8 13. Ba3 Bd6 14. a5 Ne8 15. a6 Ba8 16. b4 cxd4 17.
cxd4 Bxe5 18. fxe5 Rd7 19. b5 Qd8 20. Rac1+ Nc7 21. Bd6 f5 22. exf6 gxf6 23.
Bxc7 Rxc7 24. Qxf6 Qxf6 25. Rxc7+ Kxc7 26. Rxf6 Re8 27. Rf7+ Kd6 28. Rxh7 Rc8
29. Rxa7 Nd7 30. Nf3 Ke7 31. Ne5 {
1-0 Onat,I-Tonsingh,O/Luzern olm 1982/BIG 80 (31)}) 7... Bb7 8. f4 Ne4 9. O-O
Be7 10. Nxe4 dxe4 11. Bb5 Bc8 12. Bc6 Rb8 13. Bxe4 O-O 14. Nc6 Qe8 15. Nxb8
Nxb8 16. a4 Nd7 17. Bc2 Nf6 18. a5 b5 19. e4 Qc6 20. e5 Bb7 21. Qe2 {
Hernandez,A-Khanam,A/Manila olw 1992/TD 92\07/1-0 (45)}) 7. Bc2 Bd6 8. Qe2 O-O
9. O-O b5 10. e4 {The thematic attack} e5 11. a3 $11 {Consolidates b4} (11. a4
$5 $14) 11... Re8 {Black launches an attack} 12. Re1 exd4 13. Nxd4 a6 {
Secures b5} 14. f3 $17 {Covers g4} (14. a4 bxa4 15. Bxa4 Qc7 $17) 14... Bb7 15.
Nf1 $19 (15. Nf5 $142 $5 $15 {should be investigated more closely}) 15... dxe4
16. fxe4 Nxe4 $17 (16... Bxe4 17. Bxe4 Nxe4 18. Nf5 $17) 17. Qf3 $19 (17. Be3
Ne5 $17) 17... Nec5 18. Qh3 {Threatening mate... how?} g6 (18... Rxe1 $4 {
Black will regret his greed} 19. Qxh7+ Kf8 20. Qh8+ Ke7 21. Bg5+ Nf6 22. Rxe1+
Kd7 23. Qxg7 $18) 19. Be3 Qf6 $17 (19... Ne5 20. Red1 $19) 20. Nd2 Ne6 $15 (
20... Ne5 21. Re2 Bc8 $19) 21. Rf1 $17 (21. Ne4 Bxe4 22. Bxe4 Rad8 $17) 21...
Qe5 22. Rae1 Ng5 $15 (22... Ndc5 $5 $17) 23. Bxg5 Qxg5 24. N4f3 $17 (24. Ne4
Qd5 $15) 24... Qc5+ 25. Nd4 Rxe1 26. Rxe1 Nf6 27. Qh4 Qh5 28. Qxh5 Nxh5 29. g3
Bc5 30. Kf2 Ng7 31. N2f3 Bxf3 (31... Ne6 32. Kf1 $17) 32. Kxf3 f5 33. Ne6 $2
$19 (33. Re5 $142 $5 Bxd4 34. cxd4 $17) 33... Re8 {
Black terminates the opponent with strong threats} 34. g4 $4 {
a blunder in a bad position} (34. Nxc5 Rxe1 35. Nxa6 $19) 34... fxg4+ (34...
Nxe6 $5 {might be the shorter path} 35. Kg2 Nf4+ 36. Kf1 Rxe1+ 37. Kxe1 fxg4
38. Be4 $19) 35. Kxg4 Rxe6 36. Be4 Kf7 (36... h5+ $142 {
and Black has reached his goal} 37. Kf4 Kf8 38. h3 $19) 37. Rf1+ (37. Bd5 $19)
37... Ke7 38. Bd5 h5+ 39. Kh3 (39. Kh4 {cannot change destiny} Rf6 40. Re1+ Kf8
$19) 39... Re3+ 40. Kg2 Nf5 41. Bc6 (41. Bb7 {does not save the day} Re2+ 42.
Kf3 Rxh2 43. Bxa6 Rxb2 $19) 41... Re6 (41... Re6 42. Rxf5 gxf5 $19) 0-1

[Event "Modbury Championship"]
[Site "Modbury"]
[Date "1997.??.??"]
[Round "?"]
[White "Chilman, Alan"]
[Black "Madsen, John"]
[Result "1-0"]
[WhiteElo "1560"]
[BlackElo "1195"]
[Annotator "Fritz 5.32"]
[PlyCount "67"]
[EventDate "1997.??.??"]
[EventType "tourn"]
[EventRounds "11"]
[EventCountry "AUS"]

1. e4 e5 {Opening = C42 - Russische Verteidigung-Petrow /Russian Defence-Petrov
} 2. Nf3 Nf6 3. Nxe5 Nc6 4. Nxc6 dxc6 5. d3 (5. Nc3 Bc5 6. Be2 h5 7. h3 Qe7 8.
d3 Bd7 9. Bg5 O-O-O 10. f4 Be3 11. e5 Rhg8 12. exf6 gxf6 13. Bh4 Rxg2 14. Ne4
Qf8 15. Bf3 Rg1+ 16. Rxg1 Bxg1 17. Qe2 Bxh3 18. O-O-O Bd4 19. Bxf6 Rd5 {
Barbascu,M-Jorgensen,C/EU-chJW U10 Herculane 1994/TD 94\01/1-0 (32)}) 5... Bc5
6. h3 $146 (6. Be2 O-O 7. O-O Re8 8. c3 Re6 9. Nd2 b5 10. Nf3 h6 11. Re1 Bb7
12. Bf1 Qe7 13. Be3 Rd8 14. Bxc5 Qxc5 15. d4 Qh5 16. e5 Nd5 17. g3 Rg6 18. Bg2
Bc8 19. Nh4 Bg4 20. f3 Bh3 21. Nxg6 Bxg2 22. Kxg2 Qxg6 23. Re4 Re8 24. Qe2 Re6
25. Kh1 Qh7 26. Re1 h5 27. f4 Ne7 28. c4 a6 29. b3 Nf5 30. d5 Rg6 31. e6 h4 32.
exf7+ Kxf7 33. Re7+ Kf8 34. Rf7+ Kxf7 35. Qe8+ {
1-0 Righi,E-Warlick,J/Manila olm 1992/TD 92\02 (35)}) 6... h5 $18 (6... O-O 7.
Qf3 $16) 7. c3 b6 8. Be2 {White is in command} Bd7 (8... Ba6 9. d4 Bxe2 10.
Qxe2 $18) 9. Bg5 (9. e5 Nd5 $18) 9... b5 $2 (9... Be7 $142 $18) 10. e5 Bxf2+
11. Kf1 Bg3 {Black intends h4} 12. exf6 gxf6 13. Be3 h4 14. Bf3 Bf5 (14... Qe7
15. Qe2 a6 $18) 15. Bxc6+ Kf8 16. Bxa8 Qxa8 17. Bc5+ Bd6 (17... Kg7 {
cannot change what is in store for ?} 18. Na3 $18) 18. Bxd6+ cxd6 19. Qf3 Qc8 (
19... Qxf3+ {doesn't get the bull off the ice} 20. gxf3 Bxd3+ 21. Kf2 $18) 20.
Nd2 Rg8 (20... Bg6 {does not win a prize} 21. Re1 Kg7 22. Kg1 $18) 21. Ne4 Bxe4
22. Qxe4 Rg5 23. Re1 {White gets kings attack} Re5 24. Qxh4 Rf5+ (24... Qf5+ {
doesn't change the outcome of the game} 25. Kg1 $18) 25. Kg1 {
Do you see the mate threat?} Kg7 26. Kh2 (26. Qg4+ $142 {
and White has triumphed} Kf8 27. d4 a6 $18) 26... Qb8 27. Rhf1 {
Threatening mate... how?} Rg5 28. Qf4 Qd8 (28... Rg6 {is not the saving move}
29. Re7 $18) 29. Re3 (29. Re8 $142 $1 {seems even better} Qxe8 30. Qxf6+ Kf8
31. Qxg5 Qe7 $18) 29... d5 (29... a5 {does not solve anything} 30. c4 $18) 30.
Rg3 (30. Re8 {and White can already relax} Qxe8 31. Qxf6+ Kf8 32. Qxg5 Qc6 $18)
30... Rxg3 (30... Rg6 {is not much help} 31. Re1 $18) 31. Qxg3+ Kf8 32. Qf4 Kg7
33. Rf3 {Threatening mate: Rg3} Qe7 (33... a5 $18 {hoping against hope}) 34.
Rg3+ (34. Rg3+ Kf8 35. Qb8+ Qe8 36. Rg8+ Kxg8 37. Qxe8+ Kg7 38. Qxb5 $18) 1-0

[Event "Modbury Championship"]
[Site "Modbury"]
[Date "1997.??.??"]
[Round "?"]
[White "Gray, Graham"]
[Black "Madsen, John"]
[Result "1-0"]
[WhiteElo "1536"]
[BlackElo "1195"]
[Annotator "Fritz 5.32"]
[PlyCount "99"]
[EventDate "1997.??.??"]
[EventType "tourn"]
[EventRounds "11"]
[EventCountry "AUS"]

1. d4 Nf6 {
Opening = A52 - Budapester Gambit-Hauptvariante /Budapest Defence-main line} 2.
c4 e5 3. dxe5 Ng4 4. Bf4 Bb4+ 5. Nd2 Nc6 6. Ngf3 Qe7 {Can e5 get defended?} 7.
a3 Bc5 (7... Ngxe5 8. Nxe5 (8. e3 Bxd2+ 9. Qxd2 a5 10. Qc3 d6 11. Be2 O-O 12.
O-O-O Nd7 13. Nd4 Nc5 14. f3 a4 15. g4 Nxd4 16. Rxd4 {
0-1 Kirchhoff,H-Schmidt,M/Giessen op 1994/GER 08 (16)}) 8... Nxe5 9. Qc2 Bxd2+
10. Bxd2 d6 11. e3 b6 12. Be2 Bb7 13. O-O O-O 14. Rae1 a5 15. e4 a4 16. f4 Nd7
17. Bf3 Rfe8 18. Kh1 Nc5 19. e5 Bxf3 20. Rxf3 dxe5 21. fxe5 Qe6 22. Ref1 {
Meulders,R-Castro,O/Novi Sad olm 1990/TD 90\06/0-1 (47)}) 8. e3 d6 $16 (8...
Ngxe5 $5 {deserves consideration} 9. Bxe5 Nxe5 $14) 9. exd6 Bxd6 10. Bxd6 cxd6
11. Be2 Bd7 12. b4 a6 13. O-O h5 14. h4 Nce5 15. Qc2 g6 16. Qc3 Qf6 $18 (16...
Bc6 17. Rfd1 $16) 17. Rac1 Rc8 $2 (17... Qe7 $142 $18) 18. Nxe5 (18. Ne4 $142 {
keeps an even firmer grip} Qe7 19. Qd4 $18) 18... dxe5 19. g3 (19. f3 Nh6 20.
f4 O-O $18) 19... Bc6 (19... Qe7 20. c5 O-O 21. Nc4 $18) 20. f3 Nh6 21. f4 O-O
22. e4 Qe6 23. fxe5 (23. Qxe5 $6 Qh3 24. Qc3 f5 $16) 23... Ng4 24. Bxg4 Qxg4
25. Qf3 $16 (25. Rf4 Qe2 $18) 25... Rcd8 26. Qxg4 hxg4 27. Rf2 Rd3 28. e6 $15 (
28. Kh2 $5 $14 {should not be overlooked}) 28... Rxg3+ $11 (28... fxe6 29. Rc2
$15) 29. Rg2 Rxg2+ 30. Kxg2 fxe6 31. Kg3 Rd8 32. Rc2 Rd3+ 33. Kxg4 Rxa3 34. Rb2
$15 (34. Kf4 a5 35. bxa5 Rxa5 $11) 34... b5 $11 (34... e5 $5 $15) 35. c5 $15 (
35. cxb5 Bxb5 36. Nf3 Kg7 $11) 35... Re3 $14 (35... e5 $5 $15 {is interesting})
36. Kf4 Re2 37. Ke5 $15 {The white king gets dangerous} (37. Kf3 Rh2 $14) 37...
Bxe4 38. Kxe6 $2 $19 (38. Kf6 $142 $15 {is a viable option}) 38... Bc2+ 39. Kd6
Rxd2+ 40. Kc7 Rg2 $17 (40... Rf2 41. c6 $19) 41. Kb6 Kh7 $4 $16 {
weakening the position} (41... Kf8 $142 42. c6 Rf2 $15) 42. Kxa6 $11 (42. c6
Be4 43. c7 Rxb2 44. c8=Q $18) 42... Kh6 $2 $18 (42... Be4 $142 $5 {
and Black is still in the game} 43. Rxg2 Bxg2 44. Kxb5 Kg8 $14) 43. c6 Re2 44.
Ka5 $14 (44. c7 $142 $5 Re6+ 45. Kxb5 Bd3+ 46. Kc5 $18) 44... Kh5 $4 $18 (44...
Bd3 $142 {was necessary} 45. c7 Re8 $14) 45. c7 Re8 46. Rxc2 Rc8 47. Kb6 Kxh4
48. Kb7 {The mate threat is Kxc8} Rxc7+ 49. Kxc7 g5 50. Kb6 (50. Kb6 g4 51. Rg2
$18) 1-0